| 000 | 00654nac a22001931u 4500 | ||
|---|---|---|---|
| 008 | 100906s2001 mau||||| |||| 00| 0 eng d | ||
| 010 | _a00055837 | ||
| 020 | _a020170871X (pbk.) | ||
| 082 | 0 | 0 |
_a005.133 _bHAN _222 |
| 100 |
_aHanly, Jeri R. _918083 |
||
| 245 | 1 | 0 |
_aC program design for engineers / _cauthor, Jeri Hanly, Elliot Koffman. |
| 250 | _a2nd ed. | ||
| 260 |
_aReading, MA : _bAddison-Wesley Longman, _c2001. |
||
| 300 |
_axviii, 679 p. : _bill. ; _c23 cm. |
||
| 650 | 0 |
_aC (Computer program language) _918084 |
|
| 650 | 0 |
_aEngineering _xData processing. _918085 |
|
| 700 | 1 |
_aKoffman, Elliot B. _918086 |
|
| 942 |
_cBB _k005.133 HAN _2ddc |
||
| 999 |
_c510 _d510 |
||